History Quiz

Random History or Year Quiz

In Memoriam: 2014 Quiz Stats

Quiz Updated Feb 11, 2016

Also try: In Memoriam: 2015
Challenge
Share
Tweet
Score 0/42 Timer 10:00
3 Plays Today
% Correct
Robin Williams
99.4%
Joan Rivers
83.2%
Shirley Temple
80.5%
Philip Seymour Hoffman
77.8%
Maya Angelou
63.9%
Mickey Rooney
57.2%
James Garner
53.8%
Lauren Bacall
51.5%
Casey Kasem
49.1%
Richard Attenborough
43.8%
Harold Ramis
37.9%
Ann B. Davis
31.3%
Tony Gwynn
29.3%
Tommy Ramone
29.2%
Bob Hoskins
26.5%
Peaches Geldof
20.4%
Phil Everly
20.1%
Johnny Winter
19.2%
Sid Caesar
18%
James Brady
17.1%
Pete Seeger
16.6%
% Correct
Richard Kiel
16%
Elaine Stritch
14.9%
Joe Cocker
14.9%
Eli Wallach
14.4%
Jan Hooks
14%
Efrem Zimbalist Jr.
13.5%
Russell Johnson
12.7%
Mike Nichols
11.4%
Ruby Dee
9.9%
Maria von Trapp
8.3%
Roger Lloyd Pack
7%
Gabriel García Márquez
6.3%
Oscar de la Renta
5.2%
Diem Brown
5.1%
Kate O'Mara
4.3%
P.D. James
3.6%
Misty Upham
1.6%
Bobby Womack
1.6%
Henry Lee Jackson
1.4%
Charles Keating
1.1%
John Henson
1%

You're not logged in!

Compare scores with friends on all Sporcle quizzes.
Sign Up with Email
OR
Log In

You Might Also Like...

Show Comments

Extras

Top Quizzes Today


Score Distribution

Your Account Isn't Verified!

In order to create a playlist on Sporcle, you need to verify the email address you used during registration. Go to your Sporcle Settings to finish the process.